Statistics for E Footballers

Click here to take the quiz!

General Stats

  • This quiz has been taken 13 times
  • The average score is 4 of 20

Answer Stats

HintAnswer% Correct
Cameroons top scorerEtoo
73%
Ghana midfielder once of ChelseaEssien
73%
Brazilian midfielder for Arsenal in 2000sEdu
55%
England international killed in Munich air crashEdwards
45%
WBA defender went to Euros with NIEvans
45%
Won Champions League with Man UtdEvra
36%
Won 2002 World Cup and played for BarcelonaEdmilson
27%
Brazilian with Man City 2007-2009Elano
18%
Ex Bolton player won 85 caps for SwedenElmander
18%
Played in Arsenals Champions League final teamEboue
9%
Former Middlesbrough and Rangers midfielderEmerson
9%
Won World Cup winners medal with EnglandEastham
9%
In 1954 became first substitute in World football historyEckel
0%
Won 3 titles with AC Milan also played for DerbyEranio
0%
Scored 4 goals in Premier League gameEkoku
0%
Scored Jamiacas first ever goal at World Cup finalsEarle
0%
Scored goal that sent Burnley into Premier leagueElliott
0%
Left back in 1970 World Cup final for BrazilEveraldo
0%
First player to score for England under EriksonEhiogu
0%
Highest scoring Jamaican in Premier LeagueEuell
0%

Score Distribution

Percentile by Number Answered

Percent of People with Each Score

Your Score History

You have not taken this quiz